Statistics for Largest Cities Containing 'R'

Click here to take the quiz!

General Stats

  • This quiz has been taken 188 times
  • The average score is 18 of 20

Answer Stats

PopulationCountryCity% Correct
15,800,000ArgentinaBuenos Aires
98%
16,800,000EgyptCairo
98%
11,200,000FranceParis
98%
12,700,000BrazilRio de Janeiro
98%
6,250,000SpainMadrid
97%
28,100,000IndonesiaJakarta
96%
6,900,000SingaporeSingapore
96%
13,700,000IranTehran
96%
22,000,000United StatesNew York City
95%
7,100,000CanadaToronto
95%
6,700,000Saudi ArabiaRiyadh
94%
13,400,000South AfricaJohannesburg
93%
24,300,000PakistanKarachi
91%
7,000,000MalaysiaKuala Lumpur
91%
7,600,000United StatesSan Francisco
90%
5,550,000SudanKhartoum
87%
10,200,000PakistanLahore
86%
10,500,000IndiaBengaluru
79%
5,700,000United StatesDetroit
71%
9,000,000IndiaHyderabad
69%

Score Distribution

Percentile by Number Answered

Percent of People with Each Score

Your Score History

You have not taken this quiz